[Event "Struga zt"]
[Site "Struga"]
[Date "1995.??.??"]
[Round "?"]
[White "Alterman, Boris"]
[Black "Dizdarevic, Emir"]
[Result "1/2-1/2"]
[WhiteElo "2595"]
[BlackElo "2465"]
[EventDate "1995.03.??"]
[PlyCount "22"]

1.d4 d5 2.c4 c6 3.Nf3 Nf6 4.Nc3 e6 5.e3 Nbd7 6.Qc2 Bd6 7.Be2 O-O 8.O-O Qe7
9.e4 dxe4 10.Nxe4 Nxe4 11.Qxe4 Re8 1/2-1/2

[Event "Struga zt"]
[Site "Struga"]
[Date "1995.??.??"]
[Round "?"]
[White "Alterman, Boris"]
[Black "Kutirov, Rolando"]
[Result "1-0"]
[WhiteElo "2595"]
[BlackElo "2440"]
[EventDate "1995.03.??"]
[PlyCount "55"]

1.c4 c6 2.Nc3 d5 3.d4 Nf6 4.e3 a6 5.Qc2 e6 6.Nf3 c5 7.a3 Nc6 8.dxc5 Bxc5 
9.b4 Ba7 10.Bb2 O-O 11.Rd1 Qe7 12.cxd5 exd5 13.Nxd5 Nxd5 14.Rxd5 h6 15.Qc3
f6 16.Bc4 Be6 17.Rd3 Nd8 18.O-O Rc8 19.Bxe6+ Nxe6 20.Qb3 Rf7 21.Rfd1 Nf8 
22.Bd4 b6 23.h3 Qb7 24.Bb2 Bb8 25.Rd8 Rxd8 26.Rxd8 Bc7 27.Re8 Qc6 28.Re7 
1-0

[Event "Struga zt"]
[Site "Struga"]
[Date "1995.??.??"]
[Round "?"]
[White "Alterman, Boris"]
[Black "Stanojoski, Zvonko"]
[Result "1-0"]
[WhiteElo "2595"]
[BlackElo "2425"]
[EventDate "1995.03.??"]
[PlyCount "115"]

1.c4 c5 2.Nf3 Nc6 3.d4 cxd4 4.Nxd4 g6 5.e4 Nf6 6.Nc3 d6 7.Be2 Nxd4 8.Qxd4 
Bg7 9.Bg5 O-O 10.Qe3 Qb6 11.Qd2 Be6 12.Rc1 Rfc8 13.b3 a6 14.O-O Qa5 15.f4 
b5 16.f5 b4 17.fxe6 bxc3 18.exf7+ Kf8 19.Qf4 Kxf7 20.e5 dxe5 21.Qe3 Kg8 
22.Rc2 Rab8 23.h3 e4 24.Bf4 Rb7 25.Qxc3 Qxc3 26.Rxc3 Nd5 27.Rc2 Bd4+ 28.
Kh1 Nb4 29.Rd2 e5 30.Bg4 Re8 31.Bh6 Rf7 32.Rxf7 Kxf7 33.Re2 Kf6 34.h4 Rb8 
35.Kh2 a5 36.Bg5+ Kf7 37.Bd7 Rb7 38.Bb5 Ke6 39.a3 Nd3 40.Bd2 Ra7 41.Bc6 
Nc5 42.Bd5+ Kd7 43.b4 axb4 44.axb4 Ra2 45.bxc5 e3 46.c6+ Kc7 47.Rxe3 Rxd2 
48.Ra3 Re2 49.Ra8 e4 50.Re8 Bc5 51.Rxe4 Rxe4 52.Bxe4 Kd6 53.Kg3 Bb6 54.Kg4
Ke5 55.Bxg6 hxg6 56.Kg5 Kd6 57.Kxg6 Kxc6 58.g4 1-0

[Event "Struga zt"]
[Site "Struga"]
[Date "1995.??.??"]
[Round "?"]
[White "Alterman, Boris"]
[Black "Zelcic, Robert"]
[Result "1-0"]
[WhiteElo "2595"]
[BlackElo "2500"]
[EventDate "1995.03.??"]
[PlyCount "137"]

1.c4 e5 2.Nc3 Nf6 3.Nf3 Nc6 4.g3 d5 5.cxd5 Nxd5 6.Bg2 Nb6 7.O-O Be7 8.a3 
O-O 9.b4 Be6 10.Rb1 f6 11.d3 Kh8 12.Ne4 Nd7 13.Bb2 f5 14.Ned2 Bf6 15.e4 a5
16.b5 Nd4 17.Bxd4 exd4 18.Qc2 fxe4 19.Nxe4 Bd5 20.Rfe1 c6 21.bxc6 Bxc6 22.
Qa2 h6 23.Nd6 Qc7 24.Nb5 Qd8 25.Nbxd4 Bxd4 26.Nxd4 Bxg2 27.Ne6 Qf6 28.Kxg2
Qf3+ 29.Kg1 Rf6 30.d4 Rc8 31.Rbc1 Rxc1 32.Rxc1 Qe4 33.Nf4 Rc6 34.Rxc6 Qe1+
35.Kg2 Qe4+ 36.f3 Qxc6 37.d5 Qc5 38.Qe2 Nf6 39.a4 Qd4 40.Qc2 b6 41.h4 Qc5 
42.Qxc5 bxc5 43.h5 Kg8 44.Kf2 Nd7 45.Ne6 Kf7 46.Ke3 Nb6 47.Nxc5 Nxd5+ 48.
Kd4 Nb6 49.Ke5 Ke7 50.g4 Nc4+ 51.Kd5 Nd2 52.f4 Nf1 53.Ke4 Nh2 54.Kf5 Kf7 
55.Nd3 Nf1 56.Ne5+ Ke7 57.Nc4 Ng3+ 58.Kg6 Kf8 59.Nxa5 Ne2 60.Nc6 Nxf4+ 61.
Kf5 Nd5 62.a5 Nc7 63.Nb4 Nb5 64.a6 Na7 65.Ke6 Nb5 66.Kd7 g6 67.hxg6 Kg7 
68.Nc6 Kxg6 69.Nd4 1-0

[Event "Struga zt"]
[Site "Struga"]
[Date "1995.??.??"]
[Round "?"]
[White "Azmaiparashvili, Zurab"]
[Black "Stanojoski, Zvonko"]
[Result "1-0"]
[WhiteElo "2620"]
[BlackElo "2425"]
[EventDate "1995.03.??"]
[PlyCount "75"]

1.d4 d5 2.c4 c6 3.Nc3 Nf6 4.Nf3 e6 5.Bg5 dxc4 6.e4 b5 7.e5 h6 8.Bh4 g5 9.
Nxg5 Nd5 10.Nxf7 Qxh4 11.Nxh8 Bb4 12.Qd2 c5 13.O-O-O cxd4 14.Qxd4 Qxd4 15.
Rxd4 Nxc3 16.bxc3 Bxc3 17.Rg4 Nc6 18.Rg8+ Kd7 19.Rg7+ Ke8 20.f4 Kf8 21.Rg3
Be1 22.Rg6 c3 23.Bd3 Bd2+ 24.Kb1 Rb8 25.Rf1 b4 26.Rf6+ Ke7 27.Rf7+ Kd8 28.
Bc2 b3 29.axb3 a5 30.Rf3 a4 31.Rd3+ Ke8 32.Rg3 Ne7 33.Rgg7 Kd8 34.Rxe7 
Rxb3+ 35.Bxb3 axb3 36.Rc7 Ba6 37.Rgd7+ Ke8 38.Re7+ 1-0

[Event "Struga zt"]
[Site "Struga"]
[Date "1995.??.??"]
[Round "?"]
[White "Dizdarevic, Emir"]
[Black "Jacimovic, Dragoljub"]
[Result "1/2-1/2"]
[WhiteElo "2465"]
[BlackElo "2415"]
[EventDate "1995.03.??"]
[PlyCount "61"]

1.Nf3 Nf6 2.g3 g6 3.b3 Bg7 4.Bb2 c5 5.c4 d6 6.d4 Ne4 7.Bg2 Qa5+ 8.Nfd2 
Nxd2 9.Bc3 Qb6 10.dxc5 Nxb1 11.Bxg7 Qb4+ 12.Kf1 Nd2+ 13.Kg1 Rg8 14.Bh6 
Nxc4 15.bxc4 Qxc5 16.Be3 Qc7 17.h4 Bd7 18.h5 Bc6 19.hxg6 hxg6 20.Bd5 Nd7 
21.Rh7 Bxd5 22.cxd5 Nf6 23.Rh4 g5 24.Rd4 Qd7 25.Qf1 Rc8 26.Rc1 Rxc1 27.
Bxc1 Qf5 28.Bb2 Qc2 29.Rb4 Nxd5 30.Rxb7 f6 31.Qc1 1/2-1/2

[Event "Struga zt"]
[Site "Struga"]
[Date "1995.??.??"]
[Round "?"]
[White "Dizdarevic, Emir"]
[Black "Kutirov, Rolando"]
[Result "1/2-1/2"]
[WhiteElo "2465"]
[BlackElo "2440"]
[EventDate "1995.03.??"]
[PlyCount "23"]

1.d4 d5 2.c4 c6 3.cxd5 cxd5 4.Nc3 Nf6 5.Bf4 Nc6 6.e3 Bf5 7.Nf3 e6 8.Bd3 
Bxd3 9.Qxd3 Bd6 10.Bxd6 Qxd6 11.O-O O-O 12.Rfc1 1/2-1/2

[Event "Struga zt"]
[Site "Struga"]
[Date "1995.??.??"]
[Round "?"]
[White "Dizdarevic, Emir"]
[Black "Sutovsky, Emil"]
[Result "1-0"]
[WhiteElo "2465"]
[BlackElo "2545"]
[EventDate "1995.03.??"]
[PlyCount "45"]

1.d4 Nf6 2.Nf3 g6 3.g3 Bg7 4.Bg2 O-O 5.O-O d6 6.c4 Nbd7 7.Nc3 e5 8.e4 c6 
9.b3 Re8 10.h3 exd4 11.Nxd4 Nc5 12.Re1 a5 13.Bf4 Nh5 14.Be3 Bd7 15.Qd2 Qc7
16.Rad1 Rad8 17.Bg5 Nf6 18.Ndb5 Qb6 19.Nxd6 Re5 20.Be3 Qb4 21.Bxc5 Rxc5 
22.e5 Nh5 23.Na4 1-0

[Event "Struga zt"]
[Site "Struga"]
[Date "1995.??.??"]
[Round "?"]
[White "Jacimovic, Dragoljub"]
[Black "Alterman, Boris"]
[Result "1/2-1/2"]
[WhiteElo "2415"]
[BlackElo "2595"]
[EventDate "1995.03.??"]
[PlyCount "58"]

1.d4 Nf6 2.c4 g6 3.Nc3 d5 4.cxd5 Nxd5 5.Qb3 Nxc3 6.bxc3 Bg7 7.Ba3 b6 8.e3 
O-O 9.Nf3 c5 10.Rd1 Qc7 11.Be2 Nc6 12.O-O Na5 13.Qb1 Rb8 14.h3 Bd7 15.Rfe1
Rfd8 16.Qe4 Bf5 17.Qh4 h6 18.Bd3 Bxd3 19.Rxd3 e6 20.e4 Rd7 21.Bc1 Qd8 22.
Bg5 hxg5 23.Nxg5 Bf6 24.Qh7+ Kf8 25.Rf3 Bxg5 26.e5 Bh6 27.Re4 cxd4 28.Qh8+
Ke7 29.Rxf7+ Kxf7 1/2-1/2

[Event "Struga zt"]
[Site "Struga"]
[Date "1995.??.??"]
[Round "?"]
[White "Jacimovic, Dragoljub"]
[Black "Kurajica, Bojan"]
[Result "0-1"]
[WhiteElo "2415"]
[BlackElo "2595"]
[EventDate "1995.03.??"]
[PlyCount "110"]

1.d4 Nf6 2.c4 e6 3.Nc3 Bb4 4.Qc2 O-O 5.Nf3 d6 6.Bg5 Nbd7 7.O-O-O Bxc3 8.
Qxc3 Ne4 9.Qe3 Nxg5 10.Qxg5 Nf6 11.Qh4 b5 12.e3 Bb7 13.Nd2 bxc4 14.Bxc4 
Rc8 15.Kb1 Ne4 16.Qxd8 Rfxd8 17.Rhf1 Nxd2+ 18.Rxd2 Bxg2 19.Rc1 Bb7 20.Bb5 
Kf8 21.Bc6 Rb8 22.Ba4 Be4+ 23.Bc2 Ba8 24.Ba4 Rb4 25.Bc6 Bxc6 26.Rxc6 Rb7 
27.Rdc2 Rd7 28.a4 Ke7 29.Ka2 Kd8 30.Ka3 Kc8 31.b4 Rb6 32.b5 Kb7 33.Kb4 a6 
34.Rxb6+ cxb6 35.bxa6+ Kxa6 36.Rc6 d5 37.h4 h5 38.Rc8 g6 39.Rc6 Re7 40.Rd6
Rc7 41.Rd8 Rc2 42.f4 Re2 43.Rd6 Re1 44.a5 Rb1+ 45.Kc3 Kxa5 46.Rd7 Rc1+ 47.
Kd2 Rh1 48.Rxf7 Rxh4 49.Ra7+ Kb5 50.Re7 Rg4 51.Ke2 Rg2+ 52.Kd3 h4 53.Rh7 
Rh2 54.Rh6 h3 55.Rxg6 Rh1 0-1

[Event "Struga zt"]
[Site "Struga"]
[Date "1995.??.??"]
[Round "?"]
[White "Jacimovic, Dragoljub"]
[Black "Milov, Vadim"]
[Result "0-1"]
[WhiteElo "2415"]
[BlackElo "2570"]
[EventDate "1995.03.??"]
[PlyCount "80"]

1.d4 Nf6 2.c4 g6 3.Nc3 Bg7 4.e4 d6 5.Nf3 O-O 6.Be2 e5 7.d5 a5 8.Bg5 Na6 9.
Nd2 Nc5 10.g4 c6 11.f3 Bd7 12.Nb3 Nxb3 13.axb3 h6 14.Be3 cxd5 15.cxd5 h5 
16.h3 Nh7 17.Qd2 h4 18.O-O-O Bf6 19.Kb1 Bg5 20.Bb5 Bxb5 21.Nxb5 a4 22.b4 
Qf6 23.Rhf1 Bxe3 24.Qxe3 Ng5 25.Rde1 Nxh3 26.Rh1 Nf4 27.g5 Qxg5 28.Reg1 
Qf6 29.Rg4 h3 30.Qg1 Kg7 31.Rg5 Rh8 32.Rf5 Qe7 33.Nd4 Kf8 34.Rxf4 exf4 35.
Nb5 a3 36.bxa3 Rc8 37.Qg4 Kg7 38.Nd4 Qf6 39.Nf5+ Kf8 40.Nxd6 Rc3 0-1

[Event "Struga zt"]
[Site "Struga"]
[Date "1995.??.??"]
[Round "?"]
[White "Jacimovic, Dragoljub"]
[Black "Zelcic, Robert"]
[Result "0-1"]
[WhiteElo "2415"]
[BlackElo "2500"]
[EventDate "1995.03.??"]
[PlyCount "80"]

1.d4 c5 2.e3 e6 3.Nf3 Nf6 4.Bd3 d5 5.b3 Nbd7 6.O-O Bd6 7.Bb2 Qc7 8.Nbd2 e5
9.dxe5 Nxe5 10.Nxe5 Bxe5 11.Bxe5 Qxe5 12.c4 O-O 13.Qc2 Be6 14.cxd5 Bxd5 
15.e4 Be6 16.Nf3 Qh5 17.e5 Nd5 18.Qxc5 Nf4 19.Qe3 Qg4 20.Ne1 Rad8 21.Be4 
Bd5 22.Bf3 Bxf3 23.Qxf3 Qg5 24.Nc2 b6 25.Rad1 Qxe5 26.Ne3 h6 27.g3 Nh3+ 
28.Kg2 Ng5 29.Qf5 Qb2 30.h4 Ne6 31.Qc2 Qa3 32.Nf5 Qa5 33.Rfe1 Kh8 34.Nd6 
Rxd6 35.Rxd6 Qxe1 36.Rd7 Qe5 37.Qc4 a5 38.a3 Kg8 39.Qc6 Qc5 40.Qb7 Qb5 0-1

[Event "Struga zt"]
[Site "Struga"]
[Date "1995.??.??"]
[Round "?"]
[White "Kurajica, Bojan"]
[Black "Alterman, Boris"]
[Result "1/2-1/2"]
[WhiteElo "2595"]
[BlackElo "2595"]
[EventDate "1995.03.??"]
[PlyCount "24"]

1.e4 c5 2.c3 Nf6 3.e5 Nd5 4.d4 cxd4 5.Qxd4 e6 6.Nf3 Nc6 7.Qe4 d6 8.Nbd2 
dxe5 9.Nxe5 Nxe5 10.Qxe5 Qd6 11.Bb5+ Bd7 12.Bxd7+ Qxd7 1/2-1/2

[Event "Struga zt"]
[Site "Struga"]
[Date "1995.??.??"]
[Round "?"]
[White "Kurajica, Bojan"]
[Black "Milov, Vadim"]
[Result "1/2-1/2"]
[WhiteElo "2595"]
[BlackElo "2570"]
[EventDate "1995.03.??"]
[PlyCount "92"]

1.d4 Nf6 2.Nf3 c5 3.e3 g6 4.dxc5 Qa5+ 5.Nbd2 Bg7 6.a3 Qxc5 7.b4 Qc7 8.Bb2 
O-O 9.c4 b6 10.Be2 Bb7 11.O-O d6 12.Qb3 Nbd7 13.Nd4 a6 14.Bf3 Ne5 15.Bxb7 
Qxb7 16.Rfc1 Ne4 17.Nxe4 Qxe4 18.Rc2 Nd3 19.Rd1 Nxb2 20.Qxb2 Rfc8 21.Qb3 
Rc7 22.f3 Qh4 23.Qd3 Rac8 24.Nb3 Rc6 25.f4 Qg4 26.Rdc1 e5 27.g3 h5 28.Nd2 
b5 29.Kg2 h4 30.Ne4 h3+ 31.Kf2 Qf5 32.cxb5 Rxc2+ 33.Rxc2 Rxc2+ 34.Qxc2 
exf4 35.gxf4 axb5 36.Qc6 d5 37.Qa8+ Kh7 38.Ng5+ Kh6 39.Qc6 d4 40.Qe4 dxe3+
41.Kxe3 Qxe4+ 42.Kxe4 f5+ 43.Kd5 Kh5 44.Nxh3 Kg4 45.Ng5 Bb2 46.Ne6 Bxa3 
1/2-1/2

[Event "Struga zt"]
[Site "Struga"]
[Date "1995.??.??"]
[Round "?"]
[White "Kurajica, Bojan"]
[Black "Stanojoski, Zvonko"]
[Result "0-1"]
[WhiteElo "2595"]
[BlackElo "2425"]
[EventDate "1995.03.??"]
[PlyCount "114"]

1.e4 c5 2.Nf3 d6 3.d4 cxd4 4.Qxd4 Bd7 5.Bg5 Nc6 6.Qd2 Qa5 7.Nc3 g6 8.Nd5 
Qxd2+ 9.Bxd2 Rc8 10.Bc3 f6 11.h4 Ne5 12.Nd4 h5 13.a4 Bh6 14.Nb5 a6 15.Na3 
Be6 16.Rd1 Nd7 17.a5 Bxd5 18.Rxd5 Bf4 19.Nc4 Nc5 20.Rh3 Rc6 21.Bd2 Bxd2+ 
22.Nxd2 e6 23.Rd4 Ne7 24.b4 e5 25.Rc4 Ne6 26.Rxc6 Nxc6 27.c3 Ke7 28.Nc4 
Nf4 29.Rg3 Nd8 30.Ne3 Nde6 31.Rf3 Nc7 32.g3 d5 33.gxf4 dxe4 34.Rh3 exf4 
35.Nc2 f5 36.Bc4 f3 37.Kd2 Kf6 38.Nd4 Ne8 39.Bd5 Nd6 40.Ne6 Ke5 41.c4 Rc8 
42.Kc3 f4 43.Nc5 Rd8 44.Rh1 Nb5+ 45.cxb5 Rxd5 46.Rg1 e3 47.Rg5+ Kd6 48.
Ne4+ Ke6 49.Rg1 Rxb5 50.Ng5+ Rxg5 51.hxg5 Kf5 52.Kd3 exf2 53.Rf1 Kg4 54.
Rxf2 Kg3 55.Rb2 f2 56.Rb1 Kg2 57.Ke4 f1=Q 0-1

[Event "Struga zt"]
[Site "Struga"]
[Date "1995.??.??"]
[Round "?"]
[White "Kurajica, Bojan"]
[Black "Zelcic, Robert"]
[Result "1-0"]
[WhiteElo "2595"]
[BlackElo "2500"]
[EventDate "1995.03.??"]
[PlyCount "59"]

1.d4 c5 2.dxc5 e6 3.Nc3 Na6 4.e4 Nxc5 5.Nf3 Qb6 6.a3 Nf6 7.Be3 Qc7 8.Qd4 
d6 9.Nb5 Qb8 10.e5 dxe5 11.Qxe5 Nd5 12.Bxc5 Qxe5+ 13.Nxe5 Bxc5 14.c4 a6 
15.cxd5 axb5 16.Bxb5+ Ke7 17.Rc1 Bd6 18.Nc4 Bf4 19.d6+ Bxd6 20.Nxd6 Kxd6 
21.Ke2 Ke7 22.Rc7+ Kf6 23.Rd1 g5 24.Rd3 Kg6 25.g4 b6 26.Rd6 h5 27.gxh5+ 
Rxh5 28.Rxb6 Rxh2 29.Bc6 Ra6 30.Rb8 1-0

[Event "Struga zt"]
[Site "Struga"]
[Date "1995.??.??"]
[Round "?"]
[White "Kutirov, Rolando"]
[Black "Azmaiparashvili, Zurab"]
[Result "0-1"]
[WhiteElo "2440"]
[BlackElo "2620"]
[EventDate "1995.03.??"]
[PlyCount "65"]

1.d4 d6 2.c4 g6 3.Nc3 e5 4.dxe5 dxe5 5.Qxd8+ Kxd8 6.Bg5+ f6 7.O-O-O+ Nd7 
8.Bd2 Nh6 9.f3 c6 10.Nh3 Kc7 11.Nf2 Nf7 12.e3 a5 13.Na4 Nc5 14.Nxc5 Bxc5 
15.Ne4 Be7 16.Be2 Bf5 17.Nc3 Be6 18.Na4 Rhd8 19.b3 b6 20.Kc2 Bb4 21.Bc1 
Nd6 22.a3 b5 23.Nc3 Bxc3 24.Kxc3 Rdb8 25.e4 bxc4 26.Bxc4 Bxc4 27.Rxd6 Kxd6
28.Kxc4 Rd8 29.Be3 Kc7 30.Rc1 Rd7 31.Rc2 Rad8 32.b4 Rd3 33.Bc5 0-1

[Event "Struga zt"]
[Site "Struga"]
[Date "1995.??.??"]
[Round "?"]
[White "Kutirov, Rolando"]
[Black "Jacimovic, Dragoljub"]
[Result "1/2-1/2"]
[WhiteElo "2440"]
[BlackElo "2415"]
[EventDate "1995.03.??"]
[PlyCount "26"]

1.d4 c6 2.c4 d5 3.cxd5 cxd5 4.Bf4 Nc6 5.e3 Nf6 6.Nc3 a6 7.Bd3 Bg4 8.Nge2 
e6 9.f3 Bh5 10.O-O Bg6 11.Bg3 Bxd3 12.Qxd3 Be7 13.Rac1 O-O 1/2-1/2

[Event "Struga zt"]
[Site "Struga"]
[Date "1995.??.??"]
[Round "?"]
[White "Kutirov, Rolando"]
[Black "Kurajica, Bojan"]
[Result "1/2-1/2"]
[WhiteElo "2440"]
[BlackElo "2595"]
[EventDate "1995.03.??"]
[PlyCount "25"]

1.d4 d5 2.c4 e6 3.Nc3 Nf6 4.Nf3 Be7 5.Bg5 h6 6.Bxf6 Bxf6 7.e3 O-O 8.Qd2 b6
9.O-O-O dxc4 10.Bxc4 Ba6 11.Bxa6 Nxa6 12.g4 g6 13.Rdg1 1/2-1/2

[Event "Struga zt"]
[Site "Struga"]
[Date "1995.??.??"]
[Round "?"]
[White "Kutirov, Rolando"]
[Black "Smirin, Ilia"]
[Result "0-1"]
[WhiteElo "2440"]
[BlackElo "2630"]
[EventDate "1995.03.??"]
[PlyCount "102"]

1.d4 Nf6 2.c4 c5 3.d5 g6 4.Nc3 Bg7 5.e4 O-O 6.f3 d6 7.Bg5 e6 8.Qd2 exd5 9.
cxd5 h6 10.Bxh6 Nxe4 11.Nxe4 Qh4+ 12.g3 Qxh6 13.Qxh6 Bxh6 14.Nxd6 Nd7 15.
f4 Nf6 16.O-O-O Bg4 17.Be2 b6 18.Bxg4 Nxg4 19.Nh3 Rad8 20.Ne4 Bg7 21.Nc3 
Bd4 22.Rhe1 Nxh2 23.Re7 Ng4 24.Rxa7 Ne3 25.Rh1 Bxc3 26.bxc3 Nxd5 27.Kb2 
Rde8 28.Rh2 Re3 29.Rd2 Nxc3 30.Ra3 Ne4 31.Rxe3 Nxd2 32.Kc3 Nf1 33.Rf3 Nh2 
34.Rd3 Re8 35.Ng5 Ng4 36.Rd7 f6 37.Nf7 Re3+ 38.Kc4 Rxg3 39.Nd8 Rf3 40.Ne6 
Rxf4+ 41.Kd5 Ne3+ 42.Kc6 Re4 43.Rg7+ Kh8 44.Re7 Re5 45.Kd7 Nd5 46.Rf7 g5 
47.Kd6 g4 48.Ra7 g3 49.Ra4 Kh7 50.Rg4 Ne3 51.Nf8+ Kh6 0-1

[Event "Struga zt"]
[Site "Struga"]
[Date "1995.??.??"]
[Round "?"]
[White "Kutirov, Rolando"]
[Black "Sutovsky, Emil"]
[Result "1/2-1/2"]
[WhiteElo "2440"]
[BlackElo "2545"]
[EventDate "1995.03.??"]
[PlyCount "94"]

1.d4 Nf6 2.c4 g6 3.Nc3 Bg7 4.e4 d6 5.f3 a6 6.Bg5 Nc6 7.Nge2 O-O 8.Qd2 Rb8 
9.Rd1 Bd7 10.Nc1 e5 11.dxe5 Nxe5 12.Be2 Be6 13.b3 c6 14.O-O Qa5 15.Nd5 
Qxd2 16.Nxf6+ Bxf6 17.Bxd2 c5 18.Bc3 Rbd8 19.Rf2 Bg7 20.Bf1 Ng4 21.Bxg7 
Nxf2 22.Bxf8 Nxd1 23.Be7 Rd7 24.Bf6 b5 25.cxb5 axb5 26.Bxb5 Rb7 27.a4 Ne3 
28.Kf2 Nc2 29.e5 Nd4 30.exd6 Nxb5 31.axb5 Kf8 32.Nd3 Rxb5 33.Bg5 Bf5 34.g4
Be6 35.Be3 c4 36.bxc4 Bxc4 37.Nc5 f6 38.Bd4 Kf7 39.d7 Rb8 40.Nb7 Ke7 41.
d8=Q+ Rxd8 42.Nxd8 Kxd8 43.Bxf6+ Ke8 44.Kg3 Kf7 45.Bg5 Be2 46.h4 Ke6 47.
Kf4 Bd1 1/2-1/2

[Event "Struga zt"]
[Site "Struga"]
[Date "1995.??.??"]
[Round "?"]
[White "Milov, Vadim"]
[Black "Kutirov, Rolando"]
[Result "1/2-1/2"]
[WhiteElo "2570"]
[BlackElo "2440"]
[EventDate "1995.03.??"]
[PlyCount "74"]

1.d4 d5 2.c4 c6 3.Nc3 Nf6 4.e3 a6 5.Nf3 b5 6.b3 Bg4 7.h3 Bxf3 8.Qxf3 e5 9.
c5 Nbd7 10.Be2 g6 11.dxe5 Nxe5 12.Qg3 Qe7 13.Bb2 Bg7 14.O-O O-O 15.Qh4 
Rfe8 16.Rac1 Ned7 17.Rfd1 Nf8 18.Nb1 Ne4 19.Qxe7 Rxe7 20.Bxg7 Kxg7 21.Nd2 
Nxd2 22.Rxd2 h5 23.b4 Ne6 24.a4 bxa4 25.Ra1 Rb7 26.Rxa4 Nc7 27.Bd3 Rab8 
28.Rb2 Ne6 29.Rc2 Rxb4 30.Rxa6 Rb1+ 31.Kh2 Nd8 32.e4 R1b3 33.Rd2 Rc3 34.
exd5 cxd5 35.Rb6 Rc8 36.Rd6 R3xc5 37.Ba6 R8c6 1/2-1/2

[Event "Struga zt"]
[Site "Struga"]
[Date "1995.??.??"]
[Round "?"]
[White "Milov, Vadim"]
[Black "Smirin, Ilia"]
[Result "1/2-1/2"]
[WhiteElo "2570"]
[BlackElo "2630"]
[EventDate "1995.03.??"]
[PlyCount "29"]

1.d4 Nf6 2.Bg5 Ne4 3.Bf4 c5 4.f3 Qa5+ 5.c3 Nf6 6.Nd2 cxd4 7.Nb3 Qb6 8.Qxd4
Nc6 9.Qxb6 axb6 10.Be3 b5 11.Nd4 b4 12.Nb5 Ra4 13.Nc7+ Kd8 14.Bb6 bxc3 15.
Ne6+ 1/2-1/2

[Event "Struga zt"]
[Site "Struga"]
[Date "1995.??.??"]
[Round "?"]
[White "Milov, Vadim"]
[Black "Sutovsky, Emil"]
[Result "1-0"]
[WhiteElo "2570"]
[BlackElo "2545"]
[EventDate "1995.03.??"]
[PlyCount "67"]

1.d4 Nf6 2.c4 g6 3.Nc3 Bg7 4.e4 d6 5.Bd3 O-O 6.Nge2 Nc6 7.O-O e5 8.d5 Nd4 
9.Nxd4 exd4 10.Nb5 Re8 11.Re1 Ng4 12.h3 a6 13.hxg4 axb5 14.cxb5 Qh4 15.Bf4
Bxg4 16.Qd2 Be5 17.a4 Bd7 18.g3 Qh5 19.Be2 Bg4 20.Bxg4 Qxg4 21.Kg2 Bxf4 
22.Qxf4 Qxf4 23.gxf4 d3 24.b3 d2 25.Re3 f5 26.exf5 gxf5 27.Rd1 Re4 28.Rxd2
Rxf4 29.Rc2 Rg4+ 30.Rg3 h5 31.Rxc7 Rf8 32.f3 Rxg3+ 33.Kxg3 f4+ 34.Kh4 1-0

[Event "Struga zt"]
[Site "Struga"]
[Date "1995.??.??"]
[Round "?"]
[White "Smirin, Ilia"]
[Black "Stanojoski, Zvonko"]
[Result "1/2-1/2"]
[WhiteElo "2630"]
[BlackElo "2425"]
[EventDate "1995.03.??"]
[PlyCount "58"]

1.e4 c5 2.Nf3 g6 3.c3 Bg7 4.d4 cxd4 5.cxd4 d5 6.e5 Bg4 7.Qb3 Qd7 8.Nc3 
Bxf3 9.gxf3 Nc6 10.Be3 e6 11.Nb5 Bf8 12.Rc1 Bb4+ 13.Bd2 Be7 14.Qa4 a6 15.
a3 Rc8 16.Nc3 Bd8 17.Bd3 Bb6 18.Ne2 Nge7 19.Bc2 Ba7 20.Be3 Rc7 21.Bb1 O-O 
22.Qd1 Rfc8 23.O-O Nf5 24.Bxf5 exf5 25.Nf4 Nd8 26.Rxc7 Rxc7 27.Qd2 Ne6 28.
b3 Rc6 29.Rd1 Bb6 1/2-1/2

[Event "Struga zt"]
[Site "Struga"]
[Date "1995.??.??"]
[Round "?"]
[White "Stanojoski, Zvonko"]
[Black "Dizdarevic, Emir"]
[Result "1-0"]
[WhiteElo "2425"]
[BlackElo "2465"]
[EventDate "1995.03.??"]
[PlyCount "73"]

1.e4 c5 2.Nf3 e6 3.d4 cxd4 4.Nxd4 a6 5.Bd3 b6 6.O-O Bb7 7.Nc3 Ne7 8.f4 
Nec6 9.Nf3 Be7 10.Be3 b5 11.Qe1 Nb4 12.Qg3 Nxd3 13.cxd3 O-O 14.f5 Kh8 15.
Ng5 Bxg5 16.Bxg5 f6 17.Be3 Nc6 18.Qh3 Qe7 19.Rf4 Qf7 20.Rh4 Qg8 21.Rf1 Ne5
22.Ne2 g5 23.fxg6 Nxg6 24.Rh6 e5 25.Rf3 Rf7 26.Ng3 d5 27.Nf5 Nf4 28.Bxf4 
exf4 29.Nd6 Rg7 30.Rxf6 dxe4 31.dxe4 Bc8 32.Nxc8 Rxc8 33.R3xf4 Rc1+ 34.Rf1
Rxf1+ 35.Rxf1 Qxa2 36.Rf8+ Rg8 37.Qc3# 1-0

[Event "Struga zt"]
[Site "Struga"]
[Date "1995.??.??"]
[Round "?"]
[White "Stanojoski, Zvonko"]
[Black "Sutovsky, Emil"]
[Result "0-1"]
[WhiteElo "2425"]
[BlackElo "2545"]
[EventDate "1995.03.??"]
[PlyCount "86"]

1.e4 c5 2.Nf3 Nc6 3.d4 cxd4 4.Nxd4 Nf6 5.Nc3 e5 6.Ndb5 d6 7.Nd5 Nxd5 8.
exd5 Nb8 9.c4 Be7 10.Be2 Nd7 11.O-O O-O 12.Kh1 a6 13.Nc3 f5 14.f4 Bf6 15.
Qc2 exf4 16.Bxf4 Ne5 17.Rae1 Bd7 18.Bd3 g6 19.c5 Nxd3 20.Qxd3 dxc5 21.Bd6 
Qb6 22.Bxf8 Rxf8 23.Qd2 Bd4 24.Rf3 Qf6 25.Qf4 Rc8 26.Ne4 Qe7 27.Qd6 Re8 
28.Ref1 Bb5 29.Qxe7 Rxe7 30.Nc3 Bxf1 31.Rxf1 Re5 32.Rd1 b5 33.h3 Kf7 34.g4
Ke7 35.gxf5 gxf5 36.Kg2 Kd6 37.Kf3 Bxc3 38.bxc3 Rxd5 39.Rc1 Rd3+ 40.Kf4 
Rxh3 41.Kxf5 Kd5 42.c4+ bxc4 43.Rd1+ Rd3 0-1

[Event "Struga zt"]
[Site "Struga"]
[Date "1995.??.??"]
[Round "?"]
[White "Stanojoski, Zvonko"]
[Black "Zelcic, Robert"]
[Result "1-0"]
[WhiteElo "2425"]
[BlackElo "2500"]
[EventDate "1995.03.??"]
[PlyCount "103"]

1.e4 Nf6 2.Nc3 d5 3.e5 Ne4 4.Nce2 d4 5.c3 Nc6 6.Nxd4 Nxd4 7.Qa4+ c6 8.Qxd4
Qxd4 9.cxd4 Ng5 10.Bc4 Bf5 11.d3 Ne6 12.Ne2 Nc7 13.Ng3 Bg6 14.h4 h6 15.h5 
Bh7 16.Ke2 a5 17.a3 e6 18.Be3 Be7 19.f4 Nd5 20.Bd2 O-O 21.Bxd5 cxd5 22.
Rhc1 Rfc8 23.Nf1 Bd8 24.g4 Bb6 25.Ke3 f6 26.Rxc8+ Rxc8 27.Rc1 Rf8 28.exf6 
gxf6 29.b4 e5 30.f5 axb4 31.Bxb4 Re8 32.Kf3 Bxd4 33.Nd2 Bb6 34.Bc5 Rc8 35.
Nb3 Bd8 36.d4 Kf7 37.Bd6 e4+ 38.Ke3 Ra8 39.Rc5 Rxa3 40.Rb5 Ra7 41.Bb8 Ra6 
42.Rxb7+ Be7 43.Bf4 Ke8 44.Bxh6 Ra2 45.Nd2 Rc2 46.Rb8+ Kf7 47.Ke2 Rc3 48.
Be3 Rc7 49.Bf4 Rc1 50.Nxe4 Rc4 51.Kd3 Rb4 52.Nc3 1-0

[Event "Struga zt"]
[Site "Struga"]
[Date "1995.??.??"]
[Round "?"]
[White "Sutovsky, Emil"]
[Black "Kurajica, Bojan"]
[Result "0-1"]
[WhiteElo "2545"]
[BlackElo "2595"]
[EventDate "1995.03.??"]
[PlyCount "96"]

1.e4 c5 2.Nf3 Nc6 3.Bb5 e6 4.Bxc6 bxc6 5.O-O Ne7 6.d3 Ng6 7.Ng5 h6 8.Nh3 
d6 9.f4 Ne7 10.b3 f6 11.f5 exf5 12.exf5 h5 13.Qe2 Kf7 14.Nf4 Nxf5 15.Nxh5 
Qe7 16.Ng3 Qxe2 17.Nxe2 Bd7 18.Nbc3 d5 19.Bd2 Re8 20.Rae1 c4 21.d4 Bb4 22.
bxc4 Ne3 23.Bxe3 Rxe3 24.Nd1 Bxe1 25.Nxe3 Bd2 26.Rf3 Rb8 27.Nf1 Rb1 28.Rd3
Be1 29.cxd5 cxd5 30.Rb3 Ra1 31.Rb7 Ke6 32.Rxa7 Bb5 33.Ra3 Kd6 34.Rd3 Bxd3 
35.cxd3 Rxa2 36.Nfg3 Ra1 37.Nf5+ Ke6 38.Ne3 Bg3+ 39.Nf1 Be1 40.g3 Ra2 41.
Nf4+ Kd6 42.Nh5 Bf2+ 43.Kh1 Bxd4 44.Nxg7 Rf2 45.Kg1 Rf5+ 46.Kg2 Rg5 47.
Ne8+ Kd7 48.Nd2 Rg8 0-1

[Event "Struga zt"]
[Site "Struga"]
[Date "1995.??.??"]
[Round "?"]
[White "Sutovsky, Emil"]
[Black "Smirin, Ilia"]
[Result "1-0"]
[WhiteElo "2545"]
[BlackElo "2630"]
[EventDate "1995.03.??"]
[PlyCount "75"]

1.e4 d6 2.d4 Nf6 3.Nc3 g6 4.Nf3 Bg7 5.Be2 O-O 6.O-O Nc6 7.d5 Nb8 8.Be3 c6 
9.a4 Bg4 10.a5 Qc7 11.Nd4 Bxe2 12.Qxe2 a6 13.Nb3 Nbd7 14.Bd4 Rfe8 15.f4 e5
16.dxe6 fxe6 17.Be3 Kh8 18.Rad1 c5 19.Qf3 Rac8 20.Qh3 Qc6 21.e5 dxe5 22.
fxe5 Nxe5 23.Bxc5 Nc4 24.Qh4 Nxb2 25.Rd6 Qc7 26.Rxf6 Nc4 27.Ne4 Nxd6 28.
Nxd6 Rf8 29.Rxe6 Rcd8 30.h3 Rd7 31.Rxg6 Kg8 32.Qc4+ Kh8 33.Qh4 Kg8 34.Re6 
Qc6 35.Qc4 Kh8 36.Nf7+ Rfxf7 37.Rxc6 bxc6 38.Qe2 1-0

[Event "Struga zt"]
[Site "Struga"]
[Date "1995.??.??"]
[Round "?"]
[White "Zelcic, Robert"]
[Black "Kutirov, Rolando"]
[Result "1/2-1/2"]
[WhiteElo "2500"]
[BlackElo "2440"]
[EventDate "1995.03.??"]
[PlyCount "127"]

1.e4 c6 2.d4 d5 3.e5 Bf5 4.h4 h5 5.Nc3 e6 6.Bd3 Bxd3 7.Qxd3 Qb6 8.Nf3 Qa6 
9.Qd1 Ne7 10.Ne2 Nf5 11.O-O Be7 12.Ng3 Nxh4 13.Nxh4 Bxh4 14.Nxh5 g6 15.Nf4
Nd7 16.g3 Be7 17.Kg2 O-O-O 18.Be3 Rh7 19.Rh1 Rdh8 20.Rxh7 Rxh7 21.b3 Qa5 
22.Qd3 Qd8 23.Rh1 Rxh1 24.Kxh1 Qh8+ 25.Kg2 g5 26.Nh3 Qh5 27.c4 a6 28.cxd5 
cxd5 29.Qd2 g4 30.Qc2+ Kb8 31.Nf4 Qh8 32.Nxe6 fxe6 33.Qg6 Qc8 34.Qxe6 Ba3 
35.Qxg4 Nf8 36.Qxc8+ Kxc8 37.f4 Ng6 38.f5 Ne7 39.g4 Nc6 40.Kf3 Bb2 41.g5 
Bxd4 42.Bxd4 Nxd4+ 43.Kg4 Kd8 44.g6 Ke7 45.f6+ Kf8 46.g7+ Kf7 47.Kg5 Ne6+ 
48.Kh6 d4 49.Kh7 Nf8+ 50.gxf8=Q+ Kxf8 51.Kg6 d3 52.e6 d2 53.e7+ Ke8 54.Kg7
d1=Q 55.f7+ Kxe7 56.f8=Q+ Kd7 57.Qf5+ Kc6 58.Qe4+ Qd5 59.Qa4+ Kc7 60.Kf6 
Qc6+ 61.Qxc6+ Kxc6 62.Ke5 Kc5 63.a3 a5 64.Ke4 1/2-1/2